Biblioteka Instytutu Północnego w Olsztynie

Widok standardowy Widok MARC

Pozycja Corporate Name

Liczba rekordów, w których użyto hasła: 1

001 - Numer kontrolny

  • control field: 38874

003 - Identyfikator numeru kontrolnego

  • control field: NUKAT

005 - Data i czas ostatniej modyfikacji

  • control field: 20260324102554.0

008 - Dane kontrolne kodowane (40 znaków)

  • fixed length control field: 260324n||a|znnaabn |a ana |c

010 ## - Numer kontrolny Biblioteki Kongresu

  • numer kontrolny LC: n 2026053636

040 ## - Instytucja sporządzająca rekord

  • inst. przygot. dane do rek. khw: OLSZT 008/AL
  • język haseł przedmiotowych/tezaurus: kaba
  • inst. wprow. rek. khw: OLSZT 008/AL

043 ## - Kod obszaru geograficznego

  • ISO code: PL

110 2# - Hasło - nazwa ciała zbiorowego

  • nazwa ciała zbior. lub geogr. na pocz.: Izba Regionalna (Parleza Mała).

368 ## - Other Attributes

  • Corp type: Izby muzealne

370 ## - Associated place

  • Country: Polska

370 ## - Associated place

  • Residence/HQ: Biskupiec (woj. warmińsko-mazurskie, pow. olsztyński, gm. Biskupiec ; okolice)

377 ## - Assoc lang

  • Lang code: pol

410 2# - Trop zob. - nazwa ciała zbiorowego

  • nazwa ciała zbior. lub geogr. na pocz.: Izba Regionalna w Parlezie Małej.

410 2# - Trop zob. - nazwa ciała zbiorowego

  • nazwa ciała zbior. lub geogr. na pocz.: Izba Regionalna Ottona Szulca.

410 2# - Trop zob. - nazwa ciała zbiorowego

  • nazwa ciała zbior. lub geogr. na pocz.: Izba Ottona Szulca.

500 1# - Trop zob. też - nazwa osobowa

  • nazwa osobowa (nazwisko, imiona): Szulc, Otto
  • daty biograficzne: (1909-1974).

665 ## - Nota historyczna

  • nota historyczna: W 1969 artysta ludowy Otto Szulc przekazał Stowarzyszeniu Społeczno-Kulturalnemu „Pojezierze” swoją chatę w Parlezie Małej wraz z rzeźbami oraz oryginalną szopkę mazurską. W domu rzeźbiarza urządzono niewielką izbę regionalną. Obecnie dom już nie istnieje.

670 ## - Źródło informacji

  • źródło informacji: Izba Ottona Szulca / P. N. - Olsztyn, [1970].

670 ## - Źródło informacji

  • źródło informacji: Otto Szulc. Leksykon Kultury Warmii i Mazur online, 24.03.2026
  • adres internetowy: http://leksykonkultury.ceik.eu/index.php/Otto_Szulc

670 ## - Źródło informacji

  • źródło informacji: Zaginione dzieło Otto Schulza w Parlezie Małej / Władysław Katarzyński. iBiskupiec.pl, 24.03.2024
  • adres internetowy: https://ibiskupiec.pl/2016/12/23/zaginione-dzielo-otto-schulza-w-parlezie-malej/

675 ## - Źródło nie podające informacji

  • wskazanie źródła: BNPol online, 24.03.2026
Biblioteka Instytutu Północnego, ul. Partyzantów 87, 10-402 Olsztyn, email: biblioteka(at)ip.olsztyn.pl